[Event "Grand Swiss "]
[Date "2025.09.09"]
[White "Praggnanandhaa R"]
[Black "Mamedov, Rauf"]
[WhiteElo "2785"]
[BlackElo "2651"]
[Round "6.6.9"]
[Result "1/2-1/2"]

1. d4 {[%clk 01:40:10] [%emt 00:00:48]} Nf6 {[%clk 01:40:56] [%emt 00:00:05]} 2.
c4 {[%clk 01:40:33] [%emt 00:00:07]} g6 {[%clk 01:41:22] [%emt 00:00:04]} 3. Nc3
{[%clk 01:40:58] [%emt 00:00:04]} d5 {[%clk 01:41:50] [%emt 00:00:02]} 4. Nf3
{[%clk 01:35:32] [%emt 00:05:57]} Bg7 {[%clk 01:42:10] [%emt 00:00:09]} 5. e3
{[%clk 01:35:49] [%emt 00:00:12]} O-O {[%clk 01:42:10] [%emt 00:00:30]} 6. Bd2
{[%clk 01:36:05] [%emt 00:00:14]} c5 {[%clk 01:33:49] [%emt 00:08:52]} 7. dxc5
{[%clk 01:33:27] [%emt 00:03:08]} Na6 {[%clk 01:30:43] [%emt 00:03:35]} 8. cxd5
{[%clk 01:25:53] [%emt 00:08:05]} Nxc5 {[%clk 01:27:06] [%emt 00:04:08]} 9. Bc4
{[%clk 01:25:29] [%emt 00:00:53]} a6 {[%clk 01:15:22] [%emt 00:12:14]} 10. a4
{[%clk 01:07:39] [%emt 00:18:21]} Nfe4 {[%clk 01:07:07] [%emt 00:08:45]} 11. Nd4
{[%clk 00:58:49] [%emt 00:09:20]} e5 {[%clk 00:52:58] [%emt 00:14:39]} 12. Nf3
{[%clk 00:42:55] [%emt 00:16:25]} Nd6 {[%clk 00:46:27] [%emt 00:07:01]} 13. Be2
{[%clk 00:41:26] [%emt 00:01:59]} e4 {[%clk 00:46:28] [%emt 00:00:29]} 14. Nd4
{[%clk 00:41:28] [%emt 00:00:28]} Qg5 {[%clk 00:46:48] [%emt 00:00:11]} 15. Kf1
{[%clk 00:37:10] [%emt 00:04:47]} Bd7 {[%clk 00:36:39] [%emt 00:10:39]} 16. h4
{[%clk 00:36:06] [%emt 00:01:33]} Qe7 {[%clk 00:36:45] [%emt 00:00:25]} 17. h5
{[%clk 00:30:47] [%emt 00:05:49]} Rac8 {[%clk 00:35:25] [%emt 00:01:50]} 18. Be1
{[%clk 00:27:08] [%emt 00:04:09]} Rfe8 {[%clk 00:31:00] [%emt 00:04:55]} 19. b4
{[%clk 00:23:21] [%emt 00:04:17]} Nd3 20. Bxd3 {[%clk 00:23:38]} exd3 {[%clk
00:30:01] [%emt 00:01:10]} 21. Qxd3 {[%clk 00:23:59] [%emt 00:00:09]} Nf5 {[%clk
00:30:22] [%emt 00:00:09]} 22. Nde2 {[%clk 00:22:46] [%emt 00:01:42]} Qxb4
{[%clk 00:26:37] [%emt 00:04:16]} 23. Rb1 {[%clk 00:19:52] [%emt 00:03:23]} Qc5
{[%clk 00:22:39] [%emt 00:04:29]} 24. hxg6 {[%clk 00:09:50] [%emt 00:10:33]}
hxg6 {[%clk 00:18:56] [%emt 00:04:12]} 25. Rxb7 {[%clk 00:08:02] [%emt
00:02:19]} Rxe3 {[%clk 00:19:10] [%emt 00:00:15]} 26. Ne4 {[%clk 00:05:41] [%emt
00:02:51]} Rxd3 {[%clk 00:17:33] [%emt 00:02:08]} 27. Nxc5 {[%clk 00:06:09]
[%emt 00:00:02]} Rxc5 {[%clk 00:17:57] [%emt 00:00:05]} 28. Rxd7 {[%clk
00:06:35] [%emt 00:00:04]} Rcxd5 {[%clk 00:16:17] [%emt 00:02:11]} 29. Ra7
{[%clk 00:06:46] [%emt 00:00:19]} Rd8 {[%clk 00:11:56] [%emt 00:04:51]} 30. Rxa6
{[%clk 00:04:21] [%emt 00:02:55]} Rd1 {[%clk 00:11:55] [%emt 00:00:31]} 31. g4
{[%clk 00:04:29] [%emt 00:00:22]} Nd6 {[%clk 00:08:31] [%emt 00:03:54]} 32. Kg2
{[%clk 00:03:33] [%emt 00:01:25]} Re8 {[%clk 00:08:32] [%emt 00:00:30]} 33. Ng3
{[%clk 00:02:10] [%emt 00:01:53]} Nc4 {[%clk 00:08:40] [%emt 00:00:22]} 34. Bb4
{[%clk 00:02:01] [%emt 00:00:38]} Rd4 {[%clk 00:09:08] [%emt 00:00:02]} 35. Re1
{[%clk 00:01:39] [%emt 00:00:53]} Rb8 {[%clk 00:08:18] [%emt 00:01:20]} 36. g5
{[%clk 00:01:16] [%emt 00:00:53]} Nb2 {[%clk 00:06:23] [%emt 00:02:25]} 37. Bd6
{[%clk 00:01:04] [%emt 00:00:42]} Rd8 {[%clk 00:06:47] [%emt 00:00:05]} 38. Ne4
{[%clk 00:00:43] [%emt 00:00:51]} Rxa4 {[%clk 00:04:25] [%emt 00:02:53]} 39.
Rxa4 {[%clk 00:00:40] [%emt 00:00:34]} Nxa4 {[%clk 00:04:50] [%emt 00:00:03]}
40. Be7 {[%clk 00:00:49] [%emt 00:00:21]} Re8 {[%clk 00:04:30] [%emt 00:00:50]}
41. Nd6 {[%clk 00:48:21] [%emt 00:02:58]} Ra8 {[%clk 00:49:06] [%emt 00:05:55]}
42. Bf6 {[%clk 00:36:59] [%emt 00:11:52]} Bxf6 {[%clk 00:42:38] [%emt 00:06:58]}
43. gxf6 {[%clk 00:36:44] [%emt 00:00:45]} Nc5 {[%clk 00:43:02] [%emt 00:00:06]}
44. Re7 {[%clk 00:36:17] [%emt 00:00:56]} Ra6 {[%clk 00:40:50] [%emt 00:02:43]}
45. Re8+ {[%clk 00:36:06] [%emt 00:00:41]} Kh7 {[%clk 00:41:13] [%emt 00:00:06]}
46. Rd8 {[%clk 00:36:18] [%emt 00:00:19]} g5 {[%clk 00:35:38] [%emt 00:06:05]}
47. Nxf7 {[%clk 00:36:33] [%emt 00:00:15]} Kg6 {[%clk 00:35:51] [%emt 00:00:17]}
48. Nxg5 {[%clk 00:36:31] [%emt 00:00:32]} Kxg5 {[%clk 00:35:30] [%emt
00:00:50]} 49. f7 {[%clk 00:36:51] [%emt 00:00:09]} Ne6 {[%clk 00:35:57] [%emt
00:00:04]} 50. Re8 {[%clk 00:36:45] [%emt 00:00:36]} Ra7 {[%clk 00:32:27] [%emt
00:04:02]} 51. Rxe6 {[%clk 00:36:50] [%emt 00:00:24]} Rxf7 {[%clk 00:32:53]
[%emt 00:00:05]} 52. Re5+ {[%clk 00:37:03] [%emt 00:00:17]} Kf4 {[%clk 00:33:11]
[%emt 00:00:11]} 53. Re3 {[%clk 00:37:29] [%emt 00:00:04]} Rg7+ {[%clk 00:33:33]
[%emt 00:00:07]} 54. Rg3 {[%clk 00:37:58] [%emt 00:00:02]} Rxg3+ {[%clk
00:33:50] [%emt 00:00:13]} 55. fxg3+ {[%clk 00:38:25] [%emt 00:00:03]} Kg5
{[%clk 00:34:14] [%emt 00:00:07]} 56. g4 {[%clk 00:38:51] [%emt 00:00:04]} Kxg4
{[%emt 00:00:03]} 1/2-1/2

[Site "Europe Echecs"]

[Event "Grand Swiss "]
[Date "2025.09.09"]
[White "Gukesh D"]
[Black "Theodorou, Nikolas"]
[WhiteElo "2767"]
[BlackElo "2646"]
[Round "6.6.10"]
[Result "0-1"]

1. e4 {[%clk 01:40:57] [%emt 00:00:02]} e5 {[%clk 01:40:40] [%emt 00:00:21]} 2.
Nf3 {[%clk 01:41:20] [%emt 00:00:06]} Nf6 {[%clk 01:41:04] [%emt 00:00:06]} 3.
Nxe5 {[%clk 01:41:42] [%emt 00:00:08]} d6 {[%clk 01:41:28] [%emt 00:00:06]} 4.
Nf3 {[%clk 01:42:07] [%emt 00:00:06]} Nxe4 {[%clk 01:41:51] [%emt 00:00:06]} 5.
d4 {[%clk 01:42:19] [%emt 00:00:18]} d5 {[%clk 01:41:43] [%emt 00:00:39]} 6. Bd3
{[%clk 01:42:43] [%emt 00:00:05]} Bd6 {[%clk 01:41:57] [%emt 00:00:16]} 7. O-O
{[%clk 01:43:00] [%emt 00:00:13]} O-O {[%clk 01:42:20] [%emt 00:00:08]} 8. c4
{[%clk 01:43:27] [%emt 00:00:03]} c6 {[%clk 01:42:45] [%emt 00:00:05]} 9. c5
{[%clk 01:43:51] [%emt 00:00:06]} Bc7 {[%clk 01:40:07] [%emt 00:03:08]} 10. Nc3
{[%clk 01:44:14] [%emt 00:00:07]} Bf5 {[%clk 01:16:39] [%emt 00:23:58]} 11. Ng5
{[%clk 01:43:58] [%emt 00:00:46]} Nxc3 {[%clk 00:57:11] [%emt 00:19:58]} 12.
bxc3 {[%clk 01:44:07] [%emt 00:00:22]} Qf6 {[%clk 00:54:56] [%emt 00:02:44]} 13.
g4 {[%clk 01:26:49] [%emt 00:17:48]} Bxd3 {[%clk 00:54:25] [%emt 00:01:01]} 14.
Qxd3 {[%clk 01:27:03] [%emt 00:00:16]} Qg6 {[%clk 00:54:51] [%emt 00:00:04]} 15.
Qxg6 {[%clk 01:27:23] [%emt 00:00:11]} hxg6 {[%clk 00:53:56] [%emt 00:01:25]}
16. Re1 {[%clk 01:27:43] [%emt 00:00:09]} Na6 {[%clk 00:52:06] [%emt 00:02:21]}
17. Rb1 {[%clk 01:24:56] [%emt 00:03:17]} b6 {[%clk 00:47:38] [%emt 00:04:58]}
18. Rb3 {[%clk 01:22:26] [%emt 00:03:00]} Rfe8 {[%clk 00:44:15] [%emt 00:03:53]}
19. Rxe8+ {[%clk 01:18:07] [%emt 00:04:49]} Rxe8 {[%clk 00:44:43] [%emt
00:00:02]} 20. Ra3 {[%clk 01:18:31] [%emt 00:00:07]} Re1+ {[%clk 00:30:35] [%emt
00:14:38]} 21. Kg2 {[%clk 01:18:26] [%emt 00:00:35]} Rxc1 {[%clk 00:31:02] [%emt
00:00:04]} 22. Rxa6 {[%clk 01:18:51] [%emt 00:00:04]} Bd8 {[%clk 00:31:28] [%emt
00:00:03]} 23. Nf3 {[%clk 01:17:46] [%emt 00:01:36]} Kf8 {[%clk 00:31:30] [%emt
00:00:29]} 24. Rxa7 {[%clk 01:11:11] [%emt 00:07:05]} bxc5 {[%clk 00:31:53]
[%emt 00:00:07]} 25. Ne5 {[%clk 00:53:04] [%emt 00:18:36]} Bf6 {[%clk 00:27:10]
[%emt 00:05:13]} 26. Rxf7+ {[%clk 00:36:47] [%emt 00:16:47]} Ke8 {[%clk
00:25:56] [%emt 00:01:44]} 27. Ra7 {[%clk 00:36:40] [%emt 00:00:37]} Rxc3 {[%clk
00:17:06] [%emt 00:09:20]} 28. Ra8+ {[%clk 00:36:32] [%emt 00:00:39]} Ke7 {[%clk
00:17:34] [%emt 00:00:02]} 29. Nxc6+ {[%clk 00:36:51] [%emt 00:00:10]} Kd7
{[%clk 00:06:10] [%emt 00:11:55]} 30. Ne5+ {[%clk 00:37:16] [%emt 00:00:06]}
Bxe5 {[%clk 00:06:37] [%emt 00:00:03]} 31. dxe5 {[%clk 00:37:41] [%emt
00:00:05]} d4 {[%clk 00:07:05] [%emt 00:00:02]} 32. f4 {[%clk 00:32:03] [%emt
00:06:07]} d3 {[%clk 00:06:58] [%emt 00:00:37]} 33. Ra6 {[%clk 00:31:36] [%emt
00:00:57]} c4 {[%clk 00:06:19] [%emt 00:01:09]} 34. Ra7+ {[%clk 00:16:23] [%emt
00:15:43]} Ke8 {[%clk 00:05:23] [%emt 00:01:26]} 35. Ra8+ {[%clk 00:16:34] [%emt
00:00:19]} Ke7 {[%clk 00:05:46] [%emt 00:00:07]} 36. Ra7+ {[%clk 00:17:00] [%emt
00:00:04]} Ke8 {[%clk 00:05:30] [%emt 00:00:46]} 37. Ra8+ {[%clk 00:17:28] [%emt
00:00:02]} Ke7 {[%clk 00:05:48] [%emt 00:00:12]} 38. Ra7+ {[%clk 00:17:10] [%emt
00:02:36]} Kd8 {[%clk 00:03:41] [%emt 00:04:37]} 39. Ra8+ {[%clk 00:16:57] [%emt
00:00:43]} Kd7 {[%clk 00:03:28] [%emt 00:00:43]} 40. Ra7+ {[%clk 00:17:22] [%emt
00:00:05]} Kd8 {[%clk 00:03:10] [%emt 00:00:47]} 41. Ra8+ {[%clk 00:17:05] [%emt
00:00:47]} Kc7 {[%clk 00:38:20] [%emt 00:15:21]} 42. Ra7+ {[%clk 01:07:27] [%emt
00:00:08]} Kc6 {[%clk 00:37:58] [%emt 00:00:51]} 43. Ra6+ {[%clk 01:07:47] [%emt
00:00:10]} Kc5 {[%clk 00:35:41] [%emt 00:02:48]} 44. Rd6 {[%clk 01:06:17] [%emt
00:02:00]} Rc2+ {[%clk 00:34:35] [%emt 00:01:36]} 45. Kf3 {[%clk 00:57:31] [%emt
00:09:16]} d2 {[%clk 00:34:17] [%emt 00:00:48]} 46. Rd8 {[%clk 00:57:55] [%emt
00:00:06]} c3 {[%clk 00:34:24] [%emt 00:00:23]} 47. e6 {[%clk 00:58:02] [%emt
00:00:23]} Rc1 {[%clk 00:34:38] [%emt 00:00:16]} 0-1

[Site "Europe Echecs"]

[Event "Grand Swiss "]
[Date "2025.09.09"]
[White "Keymer, Vincent"]
[Black "Hovhannisyan, Robert"]
[WhiteElo "2751"]
[BlackElo "2629"]
[Round "6.6.11"]
[Result "1-0"]

1. Nf3 {[%clk 01:40:56] [%emt 00:00:02]} d5 {[%clk 01:40:51] [%emt 00:00:10]} 2.
g3 {[%clk 01:41:22] [%emt 00:00:04]} g6 {[%clk 01:41:06] [%emt 00:00:14]} 3. Bg2
{[%clk 01:41:48] [%emt 00:00:05]} Bg7 {[%clk 01:41:29] [%emt 00:00:07]} 4. O-O
{[%clk 01:42:14] [%emt 00:00:04]} e5 {[%clk 01:41:11] [%emt 00:00:48]} 5. d3
{[%clk 01:42:39] [%emt 00:00:05]} Nc6 {[%clk 01:41:12] [%emt 00:00:28]} 6. Nc3
{[%clk 01:43:06] [%emt 00:00:04]} Nge7 {[%clk 01:40:49] [%emt 00:00:52]} 7. e4
{[%clk 01:43:31] [%emt 00:00:05]} O-O {[%clk 01:40:19] [%emt 00:00:59]} 8. exd5
{[%clk 01:43:52] [%emt 00:00:10]} Nxd5 {[%clk 01:40:43] [%emt 00:00:05]} 9. Nxd5
{[%clk 01:44:18] [%emt 00:00:04]} Qxd5 {[%clk 01:41:05] [%emt 00:00:08]} 10. Re1
{[%clk 01:44:45] [%emt 00:00:03]} Qd8 {[%clk 01:37:20] [%emt 00:04:15]} 11. Bg5
{[%clk 01:43:41] [%emt 00:01:34]} Qd6 {[%clk 01:36:21] [%emt 00:01:30]} 12. Nd2
{[%clk 01:43:09] [%emt 00:01:03]} Qd7 {[%clk 01:34:20] [%emt 00:02:30]} 13. Nc4
{[%clk 01:27:54] [%emt 00:15:45]} b6 {[%clk 01:25:21] [%emt 00:09:30]} 14. Bf6
{[%clk 01:10:00] [%emt 00:18:23]} Bxf6 {[%clk 01:16:30] [%emt 00:09:21]} 15. Qf3
{[%clk 01:10:20] [%emt 00:00:10]} Qe7 {[%clk 00:55:04] [%emt 00:21:55]} 16. Qxc6
{[%clk 01:10:26] [%emt 00:00:26]} Rb8 {[%clk 00:54:31] [%emt 00:01:03]} 17. Nxe5
{[%clk 01:06:08] [%emt 00:04:48]} Bxe5 {[%clk 00:54:16] [%emt 00:00:44]} 18. d4
{[%clk 01:06:10] [%emt 00:00:28]} Qb4 {[%clk 00:45:16] [%emt 00:09:30]} 19. dxe5
{[%clk 01:02:33] [%emt 00:04:08]} Bb7 {[%clk 00:42:23] [%emt 00:03:22]} 20. Qxc7
{[%clk 00:45:30] [%emt 00:17:33]} Bxg2 {[%clk 00:41:13] [%emt 00:01:40]} 21.
Kxg2 {[%clk 00:45:50] [%emt 00:00:10]} Qxb2 {[%clk 00:41:35] [%emt 00:00:08]}
22. Qxa7 {[%clk 00:37:22] [%emt 00:08:59]} Ra8 {[%clk 00:39:06] [%emt 00:02:58]}
23. Qd7 {[%clk 00:31:50] [%emt 00:06:02]} Qxc2 {[%clk 00:34:52] [%emt 00:04:44]}
24. e6 {[%clk 00:28:24] [%emt 00:03:56]} Rad8 {[%clk 00:34:04] [%emt 00:01:17]}
25. exf7+ {[%clk 00:21:12] [%emt 00:07:43]} Kg7 {[%clk 00:32:12] [%emt
00:02:22]} 26. Qe6 {[%clk 00:21:38] [%emt 00:00:04]} Rxf7 {[%clk 00:25:16] [%emt
00:07:26]} 27. Qxb6 {[%clk 00:18:48] [%emt 00:03:21]} Rd6 {[%clk 00:13:13] [%emt
00:12:32]} 28. Qe3 {[%clk 00:18:39] [%emt 00:00:39]} Rxf2+ {[%clk 00:12:56]
[%emt 00:00:47]} 29. Qxf2 {[%clk 00:19:05] [%emt 00:00:04]} Rd2 {[%clk 00:13:22]
[%emt 00:00:04]} 30. Re7+ {[%clk 00:17:15] [%emt 00:02:20]} Kg8 {[%clk 00:09:59]
[%emt 00:03:50]} 31. Rf7 {[%clk 00:17:35] [%emt 00:00:13]} h5 {[%clk 00:09:41]
[%emt 00:00:48]} 32. Re1 {[%clk 00:09:26] [%emt 00:08:39]} Rxf2+ {[%clk
00:09:44] [%emt 00:00:28]} 33. Rxf2 {[%clk 00:09:55] [%emt 00:00:02]} Qc6+
{[%clk 00:09:35] [%emt 00:00:39]} 34. Kg1 {[%clk 00:10:24] [%emt 00:00:01]} h4
{[%clk 00:07:44] [%emt 00:02:21]} 35. gxh4 {[%clk 00:10:11] [%emt 00:00:42]} Qc5
{[%clk 00:07:22] [%emt 00:00:51]} 36. Re4 {[%clk 00:07:24] [%emt 00:03:18]} Kg7
{[%clk 00:05:48] [%emt 00:02:04]} 37. Kg2 {[%clk 00:05:45] [%emt 00:02:09]} Kh6
{[%clk 00:05:25] [%emt 00:00:52]} 38. a4 {[%clk 00:03:23] [%emt 00:02:53]} Qc6
{[%clk 00:05:31] [%emt 00:00:22]} 39. Rfe2 {[%clk 00:03:41] [%emt 00:00:13]} Qd5
{[%clk 00:05:39] [%emt 00:00:21]} 40. Kf2 {[%clk 00:03:06] [%emt 00:01:06]} Qc5+
{[%clk 00:05:23] [%emt 00:00:46]} 41. Kf3 {[%clk 00:02:57] [%emt 00:00:39]} Qg1
{[%clk 00:02:18] [%emt 00:03:35]} 42. Rf2 {[%clk 00:35:24] [%emt 00:18:04]} Qh1+
{[%clk 00:50:47] [%emt 00:02:00]} 43. Ke3 {[%clk 00:35:48] [%emt 00:00:07]} Qc1+
{[%clk 00:49:45] [%emt 00:01:32]} 44. Rd2 {[%clk 00:34:47] [%emt 00:01:31]} Qg1+
{[%clk 00:46:30] [%emt 00:03:45]} 45. Kf3 {[%clk 00:30:30] [%emt 00:04:48]} Qh1+
{[%clk 00:44:06] [%emt 00:02:54]} 46. Kf4 {[%clk 00:30:13] [%emt 00:00:47]} Qf1+
{[%clk 00:41:09] [%emt 00:03:26]} 47. Kg3 {[%clk 00:28:50] [%emt 00:01:54]} Qg1+
{[%clk 00:40:12] [%emt 00:01:26]} 48. Rg2 {[%clk 00:29:18] [%emt 00:00:03]} Qb1
{[%clk 00:40:09] [%emt 00:00:32]} 49. Rge2 {[%clk 00:29:10] [%emt 00:00:39]}
Qg1+ {[%clk 00:38:00] [%emt 00:02:38]} 50. Kf3 {[%clk 00:27:34] [%emt 00:02:06]}
Qf1+ {[%clk 00:37:57] [%emt 00:00:32]} 51. Ke3 {[%clk 00:24:33] [%emt 00:03:32]}
Qd1 {[%clk 00:36:49] [%emt 00:01:37]} 52. Rb4 {[%clk 00:16:41] [%emt 00:08:23]}
Qd5 {[%clk 00:33:45] [%emt 00:03:34]} 53. Rc2 {[%clk 00:14:48] [%emt 00:02:24]}
Qa5 {[%clk 00:30:49] [%emt 00:03:25]} 54. Rbc4 {[%clk 00:13:32] [%emt 00:01:46]}
Qd5 {[%clk 00:30:40] [%emt 00:00:38]} 55. Rd4 {[%clk 00:11:24] [%emt 00:02:39]}
Qf5 {[%clk 00:30:03] [%emt 00:01:06]} 56. Rdc4 {[%clk 00:09:13] [%emt 00:02:43]}
Qh3+ {[%clk 00:27:09] [%emt 00:03:23]} 57. Kd4 {[%clk 00:09:38] [%emt 00:00:06]}
Qxh4+ {[%clk 00:27:20] [%emt 00:00:18]} 58. Kc3 {[%clk 00:10:07] [%emt
00:00:02]} Qf6+ {[%clk 00:27:18] [%emt 00:00:32]} 59. Kb4 {[%clk 00:10:25] [%emt
00:00:12]} Qb6+ {[%clk 00:26:15] [%emt 00:01:33]} 60. Ka3 {[%clk 00:10:38] [%emt
00:00:18]} Qe3+ {[%clk 00:25:36] [%emt 00:01:07]} 61. R2c3 {[%clk 00:09:00]
[%emt 00:02:09]} Qg1 {[%clk 00:24:06] [%emt 00:01:59]} 62. h3 {[%clk 00:08:25]
[%emt 00:01:06]} Qa1+ {[%clk 00:22:51] [%emt 00:01:45]} 63. Kb4 {[%clk 00:08:54]
[%emt 00:00:02]} Qb1+ {[%clk 00:22:40] [%emt 00:00:41]} 64. Ka5 {[%clk 00:09:06]
[%emt 00:00:18]} Qb7 {[%clk 00:22:07] [%emt 00:01:02]} 65. Rc5 {[%clk 00:07:06]
[%emt 00:02:31]} Qb8 {[%clk 00:21:10] [%emt 00:01:27]} 66. Rc7 {[%clk 00:06:30]
[%emt 00:01:06]} Qb2 {[%clk 00:15:31] [%emt 00:06:08]} 67. Ka6 {[%clk 00:06:19]
[%emt 00:00:42]} Qe2+ {[%clk 00:15:24] [%emt 00:00:37]} 68. R7c4 {[%clk
00:06:21] [%emt 00:00:29]} Qe6+ {[%clk 00:13:57] [%emt 00:01:56]} 69. Rc6 {[%clk
00:06:49] [%emt 00:00:02]} Qe2+ {[%clk 00:14:00] [%emt 00:00:26]} 70. R3c4
{[%clk 00:07:12] [%emt 00:00:08]} Qe8 {[%clk 00:12:08] [%emt 00:02:21]} 71. a5
{[%clk 00:07:19] [%emt 00:00:24]} Qb8 {[%clk 00:12:00] [%emt 00:00:38]} 72. h4
{[%clk 00:05:09] [%emt 00:02:40]} Kh5 {[%clk 00:09:47] [%emt 00:02:43]} 73. Rc8
{[%clk 00:04:44] [%emt 00:00:55]} Qd6+ {[%clk 00:10:11] [%emt 00:00:05]} 74. Kb5
{[%clk 00:05:13] [%emt 00:00:01]} Qd7+ {[%clk 00:08:28] [%emt 00:02:13]} 75.
R8c6 {[%clk 00:05:20] [%emt 00:00:23]} Kh6 {[%clk 00:06:00] [%emt 00:02:57]} 76.
a6 {[%clk 00:04:16] [%emt 00:01:35]} Qf5+ {[%clk 00:05:31] [%emt 00:00:59]} 77.
R6c5 {[%clk 00:01:16] [%emt 00:03:31]} Qf3 {[%clk 00:02:28] [%emt 00:03:32]} 78.
Kb6 {[%clk 00:15:17] [%emt 00:01:29]} Qf6+ {[%clk 00:16:50] [%emt 00:01:08]} 79.
Rc6 {[%clk 00:13:35] [%emt 00:02:12]} Qb2+ {[%clk 00:15:06] [%emt 00:02:14]} 80.
Ka7 {[%clk 00:13:46] [%emt 00:00:19]} Qf2+ {[%clk 00:13:57] [%emt 00:01:39]} 81.
Ka8 {[%clk 00:14:07] [%emt 00:00:10]} Qf3 {[%clk 00:13:38] [%emt 00:00:48]} 82.
a7 {[%clk 00:12:04] [%emt 00:02:34]} Qb3 {[%clk 00:11:45] [%emt 00:02:23]} 83.
R4c5 {[%clk 00:06:15] [%emt 00:06:19]} Qg8+ {[%clk 00:10:55] [%emt 00:01:20]}
84. Rc8 {[%clk 00:06:41] [%emt 00:00:04]} Qb3 {[%clk 00:10:34] [%emt 00:00:50]}
85. Rh8+ {[%clk 00:05:37] [%emt 00:01:34]} Kg7 {[%clk 00:10:59] [%emt 00:00:04]}
86. Rd8 {[%clk 00:05:42] [%emt 00:00:25]} Kh6 {[%clk 00:09:35] [%emt 00:01:55]}
87. Rdd5 {[%clk 00:03:32] [%emt 00:02:41]} Qf3 {[%clk 00:08:34] [%emt 00:01:30]}
88. h5 {[%clk 00:01:14] [%emt 00:02:49]} Qf8+ {[%clk 00:07:04] [%emt 00:01:59]}
89. Kb7 {[%clk 00:01:43] [%emt 00:00:01]} Qf7+ {[%clk 00:07:19] [%emt 00:00:15]}
90. Kb6 {[%clk 00:02:09] [%emt 00:00:05]} Qe6+ {[%clk 00:07:11] [%emt 00:00:37]}
91. Rc6 {[%clk 00:02:02] [%emt 00:00:38]} Qxd5 {[%clk 00:06:50] [%emt 00:00:51]}
92. a8=Q {[%clk 00:02:20] [%emt 00:00:12]} Qb3+ {[%clk 00:07:05] [%emt
00:00:14]} 93. Ka7 {[%clk 00:01:04] [%emt 00:01:47]} Qa3+ {[%clk 00:07:03] [%emt
00:00:27]} 94. Kb8 {[%clk 00:00:47] [%emt 00:00:52]} Qf8+ {[%clk 00:06:23] [%emt
00:01:09]} 95. Rc8 {[%clk 00:01:00] [%emt 00:00:18]} Qf4+ {[%clk 00:06:33] [%emt
00:00:18]} 96. Kb7 {[%clk 00:01:27] [%emt 00:00:05]} Qb4+ {[%clk 00:06:13] [%emt
00:00:49]} 97. Kc6 {[%clk 00:01:53] [%emt 00:00:05]} Qc4+ {[%clk 00:05:39] [%emt
00:01:03]} 98. Kd6 {[%clk 00:02:22] [%emt 00:00:02]} Qf4+ {[%clk 00:05:59] [%emt
00:00:09]} 99. Kd5 {[%clk 00:01:59] [%emt 00:00:53]} Qf3+ {[%clk 00:03:32] [%emt
00:02:56]} 100. Kd4 {[%clk 00:01:54] [%emt 00:00:35]} Qd1+ {[%clk 00:03:27]
[%emt 00:00:35]} 101. Ke3 {[%clk 00:00:54] [%emt 00:01:31]} Qe1+ {[%clk
00:03:30] [%emt 00:00:26]} 102. Kd4 {[%clk 00:00:40] [%emt 00:00:44]} Qd2+
{[%clk 00:02:16] [%emt 00:01:44]} 103. Ke5 {[%clk 00:00:53] [%emt 00:00:17]}
Qh2+ {[%clk 00:01:12] [%emt 00:01:34]} 104. Ke6 {[%clk 00:00:56] [%emt
00:00:27]} Qh3+ {[%clk 00:01:04] [%emt 00:00:37]} 105. Ke7 {[%clk 00:01:11]
[%emt 00:00:16]} Qh4+ {[%clk 00:00:40] [%emt 00:00:54]} 106. Ke8 {[%clk
00:01:30] [%emt 00:00:11]} Qe1+ {[%clk 00:00:45] [%emt 00:00:25]} 107. Kf7
{[%clk 00:01:43] [%emt 00:00:18]} Qf2+ {[%clk 00:01:10] [%emt 00:00:04]} 108.
Kg8 {[%clk 00:01:48] [%emt 00:00:25]} Qf6 {[%clk 00:00:36] [%emt 00:01:04]} 109.
Rc7 {[%clk 00:02:13] [%emt 00:00:05]} Qe6+ {[%clk 00:00:44] [%emt 00:00:21]}
110. Rf7 {[%clk 00:02:37] [%emt 00:00:05]} g5 {[%clk 00:00:47] [%emt 00:00:27]}
111. Qf3 {[%clk 00:01:31] [%emt 00:01:36]} g4 {[%clk 00:00:41] [%emt 00:00:36]}
112. Qf4+ {[%clk 00:01:44] [%emt 00:00:17]} Kxh5 {[%clk 00:01:10] [%emt
00:00:01]} 113. Kg7 {[%clk 00:01:16] [%emt 00:00:58]} Qg6+ {[%clk 00:00:55]
[%emt 00:00:45]} 114. Kh8 {[%clk 00:01:16] [%emt 00:00:31]} 1-0

[Site "Europe Echecs"]